Estudio acerca del allanamiento en el proceso penal

Salvato in:
Dettagli Bibliografici
Autore principale: Alcalá-Zamora y Castillo, Niceto (Autore)
Natura: Libro
Lingua:spagnolo
Pubblicazione: Ciudad de México Jurídica Universitaria 2001
Serie:Clásicos del Derecho Procesal Penal, 3
Soggetti:
Tags: Aggiungi Tag
Nessun Tag, puoi essere il primo ad aggiungerne!!

MARC

LEADER 00000nam a2200000 a 4500
001 UCI4183
003 CL-VaPUC
008 071228e20010000MX |||||||||||||||||spa|d
020 |a 9968380822 Serie Completa 
020 |a 9968380202 
082 0 4 |a 345.077  |b ALC  |2 21 
100 0 |a Alcalá-Zamora y Castillo, Niceto  |e author  |9 525919 
245 1 0 |a Estudio acerca del allanamiento en el proceso penal 
300 |a 122 p 
942 |c BK 
945 |d 20071228 00:00:00  |a rbrito 
260 |a Ciudad de México  |b Jurídica Universitaria  |c 2001 
650 0 |a Derecho procesal penal   |9 256392 
650 7 |a CODIGO DE PROCEDIMIENTO PENAL  |2 CL-VaPUC  |9 256474 
650 7 |a PROCESO  |2 CL-VaPUC  |9 335377 
650 0 |a Nulidad   |9 256755 
650 0 |a Jurisdicción  |9 255090 
650 7 |a MEDIOS DE PRUEBAS  |2 CL-VaPUC  |9 525848 
650 0 |a Prueba  |9 256247 
650 7 |a SENTENCIA  |2 CL-VaPUC  |9 381937 
650 0 |a Recurso de casación  |9 258890 
650 7 |a EJECUCION DE LA PENA  |2 CL-VaPUC  |9 525849 
583 |a last modification  |c 20190710 06:32:24  |k Rodrigo Vera 
490 0 |a Clásicos del Derecho Procesal Penal, 3 
999 |c 328165  |d 328163 
952 |0 0  |1 0  |4 0  |6 345_077000000000000_ALC_2001  |7 0  |8 A  |9 411957  |a BIBDER  |b BIBDER  |d 2019-11-22  |i 4398742  |o 345.077 ALC 2001  |p 4398742  |r 2023-01-25  |w 2019-11-22  |y BK  |k DER